| 000 | 01109nam a2200313 i 4500 | ||
|---|---|---|---|
| 001 | bg | ||
| 003 | BPK | ||
| 005 | 20210920135501.0 | ||
| 008 | 140806s1993 pl d f |001 0 pol | ||
| 015 | _aPB 2014/29269 | ||
| 020 | _a8385060375 | ||
| 040 |
_aWA N _cBPK |
||
| 080 | _a821.162.1(091)"19" | ||
| 080 | _a(075.3) | ||
| 100 | 1 |
_aChrząstowska, Bożena _d(1929- ). |
|
| 245 | 1 | 0 |
_aLiteratura współczesna : _bpodręcznik dla klas maturalnych / _cBożena Chrząstowska, Ewa Wiegandtowa, Seweryna Wysłouch. |
| 250 | _aWyd. 2. popr. | ||
| 260 |
_aPoznań : _bWydawnictwo Nakom, _c1993. |
||
| 300 |
_a384 s. ; _c24 cm. |
||
| 504 | _aIndeksy. | ||
| 521 | 8 | _aPodręcznik dla klas maturalnych. | |
| 650 | 4 |
_aJęzyk polski _xszkoły średnie. |
|
| 655 | 4 | _aPodręczniki dla szkół średnich | |
| 700 | 1 |
_aWiegandtowa, Ewa _d(1939- ). |
|
| 710 | 2 |
_aWydawnictwo Nakom _4pbl. |
|
| 700 | 1 |
_aWysłouch, Seweryna _d(1940- ) _eAutor |
|
| 856 |
_uhttp://koha.tu.koszalin.pl/cgi-bin/koha/opac-detail.pl?biblionumber=6046 _yKatalog online BPK |
||
| 942 |
_2UKD _cKS |
||
| 999 |
_c6046 _d6046 |
||